Miss Peregrine's Home for Peculiar Children

Guardat en:
Dades bibliogràfiques
Autor principal: Riggs, Ransom.
Format: Llibre
Idioma:Undetermined
Publicat: Philadelphia Quirk Books 2013
Matèries:
Etiquetes: Afegir etiqueta
Sense etiquetes, Sigues el primer a etiquetar aquest registre!
Thư viện lưu trữ: Trung tâm Học liệu Trường Đại học Cần Thơ
LEADER 00521nam a2200193Ia 4500
001 CTU_232848
008 210402s9999 xx 000 0 und d
020 |c 266000 
082 |a 813.54 
082 |b R569 
100 |a Riggs, Ransom. 
245 0 |a Miss Peregrine's Home for Peculiar Children 
245 0 |c Ransom Riggs. 
260 |a Philadelphia 
260 |b Quirk Books 
260 |c 2013 
650 |a Supernatural,Siêu nhiên 
910 |a Tuyến 
980 |a Trung tâm Học liệu Trường Đại học Cần Thơ